Matematicas. 5º nivel de E.G.B. (Record no. 100712)

MARC details
000 -LEADER
campo de control de longitud fija 00511nam a2200157 i 4500
001 - NÚMERO DE CONTROL
campo de control 100712
003 - IDENTIFICADOR DE NÚMERO DE CONTROL
campo de control ES-MaACL
005 - FECHA Y HORA DE LA ÚLTIMA TRANSACCIÓN
campo de control 20230906182730.0
007 - CAMPO FIJO DE DESCRIPCIÓN FÍSICA--INFORMACIÓN GENERAL
campo de control de longitud fija t|
008 - DATOS DE LONGITUD FIJA--INFORMACIÓN GENERAL
campo de control de longitud fija 051004s1973 sp ||||1| spa d
245 00 - MENCIÓN DEL TÍTULO
Título Matematicas. 5º nivel de E.G.B.
Resto del título : libro de consulta /
Mención de responsabilidad, etc. Luis Rico Romero, Oscar Sènz Barrio, Antonio Corpas Herenas.
260 ## - PUBLICACIÓN, DISTRIBUCIÓN, ETC.
Lugar de publicación, distribución, etc. Granada :
Nombre del editor, distribuidor, etc. Euclides,
Fecha de publicación, distribución, etc. 1973.
300 ## - DESCRIPCIÓN FÍSICA
Extensión 3 h., 135 p. :
Otras características físicas il. ;
Dimensiones 19 cm.
700 1# - ENTRADA AGREGADA--NOMBRE PERSONAL
Nombre de persona Rico Romero, Luis.
9 (RLIN) 97034
852 ## - LOCALIZACIÓN
Ubicación ES-MaACL
Número de control de estantería C-54950
Sublocalización o colección R.87613
Holdings
Estatus retirado Estado de pérdida Estado de daño No para préstamo Biblioteca de origen Biblioteca actual Ubicación en estantería Fecha de adquisición Fuente de adquisición Total de préstamos Signatura topográfica completa Código de barras Visto por última vez Precio de reemplazo Tipo de ítem Koha
        Biblioteca del Ateneo de Madrid Biblioteca del Ateneo de Madrid Depósito 2 17/01/2008     C-54950 1105148 23/02/2023 23/02/2023 Libro impreso